| 000 | 00601nam a2200205Ia 4500 | ||
|---|---|---|---|
| 003 | GCL | ||
| 008 | 140319s9999 xx 000 0 eng d | ||
| 040 |
_aGCL / _cGCL |
||
| 082 | 0 | 4 |
_a371.200.941 _bD S |
| 100 | 1 | _aDAVIES, BRENT | |
| 245 | 1 | 0 |
_aSCHOOL LEADERSHIP FOR THE 21 ST CENTURY : A COMPETENCY AND KNOWLEDGE APPROACH / _cDAVIES, BRENT |
| 700 | 1 | _aELLISON, LINDA | |
| 260 |
_a[S.N] : _bROUTLEDGE ، _c1997 |
||
| 300 | _a284 P | ||
| 650 | 0 | 4 | _aEDUCATIONAL LEADERSHIP |
| 650 | 0 | 4 | _aEDUCATION - GREAT BRITAIN |
| 650 | 0 | 4 | _aSCHOOL MANAGEMENT |
| 650 | 0 | 4 | _aSCHOOL ORGANIZATION |
| 942 |
_2ddc _cBK |
||
| 999 |
_c13013 _d13013 |
||